[Event "Vladivostok-ch op"]
[Site "Vladivostok"]
[Date "2008.12.02"]
[Round "8"]
[White "Pavlovskiy, Mikhail"]
[Black "Slupskiy, Sergey"]
[Result "1/2-1/2"]
[WhiteElo "2231"]
[BlackElo "2288"]
[PlyCount "84"]
[EventDate "2008.11.25"]
[EventType "swiss"]
[EventRounds "9"]
[EventCountry "RUS"]
[SourceTitle "EXT 2022"]
[Source "ChessBase"]
[SourceDate "2021.10.06"]
[SourceVersion "1"]
[SourceVersionDate "2021.10.06"]
[SourceQuality "1"]

1. e4 c5 2. Nf3 Nc6 3. d4 cxd4 4. Nxd4 Nf6 5. Nc3 e5 6. Ndb5 d6 7. Bg5 a6 8. Na3 b5 9. Nd5 Be7 10. Bxf6 Bxf6 11. c3 0-0 12. Nc2 Bg5 13. Nce3 Be6 14. Bd3 Ne7 15. Bc2 Rb8 16. Qd3 Ng6 17. g3 Qd7 18. h4 Bd8 19. h5 Ne7 20. h6 Bxd5 21. hxg7 Kxg7 22. exd5 f5 23. g4 Bb6 24. gxf5 Bxe3 25. Rxh7+ Kxh7 26. f6+ Nf5 27. Qxf5+ Qxf5 28. Bxf5+ Kh6 29. fxe3 Kg5 30. e4 Rxf6 31. Ke2 Rh6 32. Rg1+ Kf6 33. Rg2 b4 34. Kd3 a5 35. cxb4 Rxb4 36. Kc3 Rb7 37. b3 Rg7 38. Rxg7 Kxg7 39. b4 axb4+ 40. Kxb4 Kf6 41. Kb5 Ke7 42. a4 Rh1 1/2-1/2